Rating podielových fondov
Nielen firmy, ale aj podielové fondy získavajú ratingové ohodnotenie. Pomáha im to získavať investorov, ktorí hľadajú istú formu bezpečia v rozvírených vlnách finančných trhov.
Na minha lista:
| Autor principal: | |
|---|---|
| Outros Autores: | |
| Formato: | Capítulo de Livro |
| Idioma: | eslovaco |
| Assuntos: | |
| Tags: |
Sem tags, seja o primeiro a adicionar uma tag!
|
MARC
| LEADER | 00000nla a2200000 4500 | ||
|---|---|---|---|
| 001 | 0151761 | ||
| 005 | 20240502072720.2 | ||
| 041 | 0 | |a slo | |
| 044 | |a SK | ||
| 245 | 1 | 0 | |a Rating podielových fondov |c Pavel Škriniar, Miroslav Kmeťko |
| 520 | |a Nielen firmy, ale aj podielové fondy získavajú ratingové ohodnotenie. Pomáha im to získavať investorov, ktorí hľadajú istú formu bezpečia v rozvírených vlnách finančných trhov. | ||
| 610 | 2 | 0 | |a fondy podielové |
| 610 | 2 | 0 | |a rating |
| 100 | 1 | |a Škriniar, Pavel, 1979- | |
| 700 | 1 | |a Kmeťko, Miroslav, 1969- | |